125 matches avec le PSG_Mort Subite (difficile) - Statistiques

Statistiques générales
  • Ce quiz a été pris 151 fois
  • Le résultat moyen est 3 sur 15
Answers on the Grid
Answers color-coded by a green-red scale on the quiz's grid according to % correct below.
Herrera
Icardi
Barcola
Bernat
Danilo Pereira
Domi
El Kartouri
Erdinç
George Weah
Giuly
Heinze
Kehrer
Keylor Navas
Landreau
Paredes
Donnarumma
Zaïre-Emery
Fiorèse
Lavezzi
Luyindula
Makélélé
Ménez
Meunier
Nenê
Nuno Mendes
Areola
Okocha
Ginola
Rozehnal
Sarabia
 
Statistiques - réponses
Réponse % Correct
157 matches Danilo Pereira
40%
161 matches Donnarumma
36%
139 matches Barcola
33%
128 matches Bernat
24%
167 matches Nuno Mendes
24%
138 matches George Weah
23%
169 matches Zaïre-Emery
20%
151 matches Landreau
18%
158 matches Ginola
12%
161 matches Lavezzi
12%
128 matches Meunier
11%
125 matches Giuly
7%
132 matches Heinze
6%
128 matches Kehrer
4%
180 matches Luyindula
4%
Aucun quiz correspondant
Distribution des résultats
% des personnes avec chaque résultat
Percentile par nombre de réponses
Votre historique - résultats
Vous n’avez pas pris ce quiz